Normal view
MARC view
Entry Personal Name
001 - CONTROL NUMBER
- control field: 490
003 - CONTROL NUMBER IDENTIFIER
- control field: BD-DhEWU
005 - DATE AND TIME OF LATEST TRANSACTION
- control field: 20111229072607.0
008 - FIXED-LENGTH DATA ELEMENTS
- fixed length control field: 111229|||a|||||| | ||| d
040 ## - CATALOGING SOURCE
- Original cataloging agency: BD-DhEWU
- Transcribing agency: BD-DhEWU
100 ## - HEADING--PERSONAL NAME
- Personal name: Tareque, Jahangir ...[et al.].
670 ## - SOURCE DATA FOUND
- Source citation: Work cat.: (BD-DhEWU): Bangla Academy English-Bangla dictionary